Encyclopaedia of logistics management/ (Record no. 10716)

MARC details
000 -LEADER
fixed length control field 01117 a2200229 4500
010 ## - LIBRARY OF CONGRESS CONTROL NUMBER
LC control number ENG-89485-87
020 ## - INTERNATIONAL STANDARD BOOK NUMBER
International Standard Book Number 9788183189583
Terms of availability 2400.00 (set)
035 ## - SYSTEM CONTROL NUMBER
System control number EN-73018-20
037 ## - SOURCE OF ACQUISITION
Source of stock number/acquisition DBAD / PUB
082 14 - DEWEY DECIMAL CLASSIFICATION NUMBER
Classification number 658.503
090 ## - LOCALLY ASSIGNED LC-TYPE CALL NUMBER (OCLC); LOCAL CALL NUMBER (OCLC)
-- 11019
-- 11019
245 1# - TITLE STATEMENT
Title Encyclopaedia of logistics management/
Statement of responsibility, etc edited by Mohd. Shamim
260 ## - PUBLICATION, DISTRIBUTION, ETC. (IMPRINT)
Place of publication, distribution, etc New Delhi
Name of publisher, distributor, etc Himalaya Books
Date of publication, distribution, etc 2008
270 ## - ADDRESS
Address "Pooja Apartments", 4-B, Murari Lal Street, Ansari Road, Darya Ganj,
City New Delhi
State or province Delhi
Postal code 110002
Telephone number 23270392, 23278631
Fax number 011-23256286
Electronic mail address hphdel@vsnl.com
300 ## - PHYSICAL DESCRIPTION
Extent 3v. (ix,348 p.; ix,,376 p.; ix,300p.)
Dimensions 21 cm (Hb)
500 ## - GENERAL NOTE
General note This book published in 3 vols. set price is Rs.2400.00 & includes bibliographical references
700 ## - ADDED ENTRY--PERSONAL NAME
Personal name Mohd, Shamim
942 ## - ADDED ENTRY ELEMENTS (KOHA)
Institution code [OBSOLETE] dpl
Koha item type English Books
Call number prefix 658.503/ ENC
Holdings
Withdrawn status Lost status Source of classification or shelving scheme Damaged status Not for loan Collection code Home library Current library Source of acquisition Cost, normal purchase price Total Checkouts Total Renewals Full call number Barcode Date last seen Copy number Uniform Resource Identifier Cost, replacement price Price effective from Koha item type
    Dewey Decimal Classification   Not For Loan Non-fiction D.B.Act.Division D.B.Act.Division DBAD/PUB 800.00     658.503 ENC EN-73018 15/09/2008 1 11796 800.00 15/09/2008 English Books
    Dewey Decimal Classification   Not For Loan Non-fiction D.B.Act.Division D.B.Act.Division DBAD/PUB 800.00     658.503 ENC EN-73019 15/09/2008 1 11797 800.00 15/09/2008 English Books
    Dewey Decimal Classification   Not For Loan Non-fiction D.B.Act.Division D.B.Act.Division DBAD/PUB 800.00     658.503 ENC EN-73020 15/09/2008 1 11798 800.00 15/09/2008 English Books

© Delhi Public Library
Hit Counter
free hit counter